LEADER 02394nam 2200577 a 450 001 9910457917003321 005 20200520144314.0 010 $a1-283-35976-6 010 $a9786613359766 010 $a90-272-8103-3 035 $a(CKB)2550000000074832 035 $a(EBL)805793 035 $a(OCoLC)769342199 035 $a(SSID)ssj0000636507 035 $a(PQKBManifestationID)11397500 035 $a(PQKBTitleCode)TC0000636507 035 $a(PQKBWorkID)10662130 035 $a(PQKB)10028374 035 $a(MiAaPQ)EBC805793 035 $a(Au-PeEL)EBL805793 035 $a(CaPaEBR)ebr10517117 035 $a(CaONFJC)MIL335976 035 $a(EXLCZ)992550000000074832 100 $a19811117d1980 uy 0 101 0 $aeng 135 $aur|n|---||||| 181 $ctxt 182 $cc 183 $acr 200 10$aHistory in the text$b[electronic resource] $e"Quatrevingt-treize" and the French Revolution /$fSandy Petrey 210 $aAmsterdam $cJ. Benjamins$d1980 215 $a1 online resource (137 p.) 225 1 $aPurdue University monographs in Romance languages ;$vv. 3 300 $aDescription based upon print version of record. 311 $a90-272-1713-0 320 $aBibliography: p. [127]-129. 327 $aHISTORY IN THE TEXT: ""Quatrevingt-Treize"" and the French Revolution; Editorial page; Title page; Copyright page; Dedication; Table of contents; Acknowledgements; Introduction; 1. Children Belong with Their Mother; 2. Meanwhile the Sun Is Rising; 3. Pastoraland Historical Discourse: Some Absolutes Are More Absolute than Others; 4. Il y a des mots qui font vivre; 1. What we have here is a failure to communicate.; 2. Ou on en a eu; 5. Can a Good Deed Be a Bad Deed?; 6. The Impotence of Speech; 7. Those Parisians Storming Heaven; Notes; Selected Bibliography 410 0$aPurdue University monographs in Romance languages ;$vv. 3. 606 $aHistorical fiction, French$xHistory and criticism 607 $aFrance$xHistory$yRevolution, 1789-1799$xLiterature and the revolution 608 $aElectronic books. 615 0$aHistorical fiction, French$xHistory and criticism. 676 $a843/.7 700 $aPetrey$b Sandy$0450769 801 0$bMiAaPQ 801 1$bMiAaPQ 801 2$bMiAaPQ 906 $aBOOK 912 $a9910457917003321 996 $aHistory in the text$9149017 997 $aUNINA LEADER 01616nam 2200529 a 450 001 9910461505003321 005 20200520144314.0 010 $a1-61470-212-8 035 $a(CKB)2670000000149004 035 $a(EBL)3019399 035 $a(SSID)ssj0000691260 035 $a(PQKBManifestationID)12257797 035 $a(PQKBTitleCode)TC0000691260 035 $a(PQKBWorkID)10628993 035 $a(PQKB)11412963 035 $a(MiAaPQ)EBC3019399 035 $a(Au-PeEL)EBL3019399 035 $a(CaPaEBR)ebr10670964 035 $a(OCoLC)777549381 035 $a(EXLCZ)992670000000149004 100 $a20090406d2009 uy 0 101 0 $aeng 135 $aur|n|---||||| 181 $ctxt 182 $cc 183 $acr 200 00$aMarine phytoplankton$b[electronic resource] /$fWilliam T. Kersey and Samuel P. Munger, editors 210 $aNew York $cNova Science Publishers$dc2009 215 $a1 online resource (398 p.) 225 1 $aOceanography and ocean engineering series 300 $aDescription based upon print version of record. 311 $a1-60741-087-7 320 $aIncludes bibliographical references and index. 410 0$aOceanography and ocean engineering series. 606 $aMarine phytoplankton 608 $aElectronic books. 615 0$aMarine phytoplankton. 676 $a579.8/1776 701 $aKersey$b William T$0966228 701 $aMunger$b Samuel P$0966229 801 0$bMiAaPQ 801 1$bMiAaPQ 801 2$bMiAaPQ 906 $aBOOK 912 $a9910461505003321 996 $aMarine phytoplankton$92192885 997 $aUNINA